Excenciones arancelarias e integración (Registro nro. 6678)
[ vista simple ]
| 000 -LEADER | |
|---|---|
| fixed length control field | 01145 a2200193 4500 |
| 001 - CONTROL NUMBER | |
| control field | 59423 |
| 005 - DATE AND TIME OF LATEST TRANSACTION | |
| control field | 20260407155848.0 |
| 008 - FIXED-LENGTH DATA ELEMENTS--GENERAL INFORMATION | |
| fixed length control field | 260407a arg spa d |
| 003 - CONTROL NUMBER IDENTIFIER | |
| control field | AR-UNSa-BCEJYS |
| 040 ## - CATALOGING SOURCE | |
| Original cataloging agency | AR-UNSa-BCEJYS |
| Language of cataloging | spa |
| Transcribing agency | AR-UNSa-BCEJYS |
| 080 ## - UNIVERSAL DECIMAL CLASSIFICATION NUMBER | |
| Universal Decimal Classification number | 338.2(8) |
| Common auxiliary subdivision | Política económica. Control de la economía. gestión de la economía. planificación económica en América Latina |
| 100 1# - MAIN ENTRY--PERSONAL NAME | |
| Personal name | Banco Interamericano de Desarrollo. Instituto para la Integración de América Latina (BID-INTAL) |
| 245 10 - TITLE STATEMENT | |
| Title | Excenciones arancelarias e integración |
| 264 #1 - PRODUCTION, PUBLICATION, DISTRIBUTION, MANUFACTURE, AND COPYRIGHT NOTICE | |
| Place of production, publication, distribution, manufacture | Buenos Aires : |
| Name of producer, publisher, distributor, manufacturer | BID/INTAL (Banco Interamericano de Desarrollo. Instituto para la integración de América Latina) |
| 300 ## - PHYSICAL DESCRIPTION | |
| Extent | 273 p. |
| Dimensions | 23 cm. |
| 505 ## - FORMATTED CONTENTS NOTE | |
| Formatted contents note | 1. Análisis general - 2. Estimaciones para Argentina, Bolivia, Brasil, Colombia y México - 3. Estimaciones para Ecuador, Paraguay, Uruguay y Panamá - 4. Exenciones arancelarias en Argentina - 5. Exenciones arancelarias en Bolivia - 6. Exenciones arancelarias en Brasil - 7. Exenciones arancelarias en Colombia - 8. Exenciones arancelarias en Guatemala |
| 590 ## - LOCAL NOTE (RLIN) | |
| Local note | niveau_biblio:m niveau_hierar:0 |
| 942 ## - ADDED ENTRY ELEMENTS (KOHA) | |
| Koha item type | |
| Withdrawn status | Lost status | Damaged status | Not for loan | Home library | Current library | Shelving location | Date acquired | Total checkouts | Full call number | Barcode | Date last seen | Price effective from | Koha item type |
|---|---|---|---|---|---|---|---|---|---|---|---|---|---|
| Biblioteca Prof. Eusebio Cleto del Rey | Biblioteca Prof. Eusebio Cleto del Rey | 07/04/2026 | 338.2(8) B213e | L45945 | 07/04/2026 | 07/04/2026 | Libro |